Tarjama Nahjul Balagha / (Record no. 593289)
[ view plain ]
| 000 -LEADER | |
|---|---|
| fixed length control field | 00302nam a22001097a 4500 |
| 082 ## - DEWEY DECIMAL CLASSIFICATION NUMBER | |
| Classification number | 297.2 |
| Author Mark | HUS |
| 100 ## - MAIN ENTRY--PERSONAL NAME | |
| Personal name | Hussain, Mufti Jaffar |
| 245 ## - TITLE STATEMENT | |
| Title | Tarjama Nahjul Balagha / |
| Statement of responsibility, etc. | Mufti Jaffar Hussain |
| 260 ## - PUBLICATION, DISTRIBUTION, ETC. | |
| Place of publication, distribution, etc. | Lahore : |
| Name of publisher, distributor, etc. | Umaima Kutab Khana, |
| Date of publication, distribution, etc. | N,A. |
| 300 ## - PHYSICAL DESCRIPTION | |
| Extent | 960 p. ; |
| Dimensions | 24 cm. |
| 942 ## - ADDED ENTRY ELEMENTS (KOHA) | |
| Source of classification or shelving scheme | |
| Koha item type | Book |
| Withdrawn status | Lost status | Source of classification or shelving scheme | Damaged status | Not for loan | Permanent Location | Current Location | Shelving location | Date acquired | Total Checkouts | Total Renewals | Full call number | Barcode | Checked out | Date last seen | Date last checked out | Price effective from | Koha item type |
|---|---|---|---|---|---|---|---|---|---|---|---|---|---|---|---|---|---|
| Central Library (CL) | Central Library (CL) | First Floor - Islam | 02/15/2023 | 2 | 3 | 297.2 HUS | SEECS003542 | 08/17/2024 | 07/18/2024 | 07/18/2024 | 02/15/2023 | Book |
